[Event "Nugegoda SRI GP (Women) 2nd"]
[Site "Nugegoda"]
[Date "2021.02.20"]
[Round "9"]
[White "Bimansa, DG Jayandi"]
[Black "Wickramarathne, PWG Gaveshi"]
[Result "0-1"]
[WhiteElo "1016"]
[BlackElo "1246"]
[PlyCount "94"]
[EventDate "2021.02.13"]
[EventType "tourn"]
[EventRounds "11"]
[EventCountry "SRI"]
[SourceTitle "EXT 2022"]
[Source "ChessBase"]
[SourceDate "2021.10.06"]
[SourceVersion "1"]
[SourceVersionDate "2021.10.06"]
[SourceQuality "1"]

1. f4 Nf6 2. Nf3 g6 3. e3 Bg7 4. Be2 0-0 5. Nc3 d6 6. h3 Nbd7 7. 0-0 e5 8. fxe5 dxe5 9. e4 Qe7 10. Qe1 c6 11. b3 b5 12. d3 a5 13. a3 Nh5 14. Nh2 Nf4 15. Kh1 Nc5 16. Na2 Nce6 17. Bg4 Nd4 18. Qf2 Bxg4 19. Nxg4 f5 20. exf5 Nxf5 21. Bb2 Nh5 22. Kg1 Nfg3 23. Qe3 Nxf1 24. Rxf1 Rxf1+ 25. Kxf1 Rf8+ 26. Kg1 Qf7 27. Bxe5 Qf1+ 28. Kh2 Bxe5+ 29. Qxe5 Qf4+ 30. Kg1 Qxe5 31. Nxe5 Rf6 32. Nc3 Ng3 33. Nf3 Nf5 34. Kf2 Nd4 35. Ne4 Rf8 36. c3 Nxb3 37. Ke1 c5 38. Kd1 a4 39. Kc2 Rb8 40. Nf6+ Kf7 41. Nxh7 b4 42. Nhg5+ Kg8 43. cxb4 cxb4 44. axb4 Rxb4 45. Kc3 Rb8 46. Ne1 a3 47. Nc2 a2 0-1